Derecho administrativo. Tomo I /
Guardado en:
| Autor Principal: | |
|---|---|
| Formato: | Libro |
| Idioma: | Spanish |
| Publicado: |
Buenos Aires :
Lexis Nexis,
2002.
|
| Edición: | 7a. ed. |
| Materias: | |
| Etiquetas: |
Agregar Etiqueta
Sin Etiquetas, Sea el primero en etiquetar este registro!
|
| LEADER | 00584nam a22001815a 4500 | ||
|---|---|---|---|
| 001 | DER.der000059 | ||
| 008 | 180615s2002####ag#||||||||||||||#||spa|| | ||
| 005 | 20241105144935.0 | ||
| 245 | 1 | 0 | |a Derecho administrativo. |n Tomo I / |c Juan Carlos Cassagne. |
| 250 | |a 7a. ed. | ||
| 260 | |a Buenos Aires : |b Lexis Nexis, |c 2002. | ||
| 300 | |a 606 p. | ||
| 020 | |a 9502014103 | ||
| 100 | 1 | |a Cassagne, Juan Carlos | |
| 650 | 7 | |a DERECHO ADMINISTRATIVO | |
| 859 | |a DERECHO |b BIB. DERECHO |h 342 |i CAS |p 000937 | ||
| 859 | |a DERECHO |b BIB. DERECHO |h 342 |i CAS |p 000944 |t 1 | ||
| 859 | |a DERECHO |b BIB. DERECHO |h 342 |i CAS |p 000945 |t 2 | ||
